La celula vegetal /
Guardado en:
| Autor Principal: | |
|---|---|
| Formato: | Libro |
| Publicado: |
México :
Herrero,
1966
|
| Materias: | |
| Etiquetas: |
Agregar Etiqueta
Sin Etiquetas, Sea el primero en etiquetar este registro!
|
| LEADER | 00890nam a22001815a 4500 | ||
|---|---|---|---|
| 001 | CEM.cems003469 | ||
| 008 | 130507s1966##################000#0#####d | ||
| 005 | 20210826185543.0 | ||
| 003 | CEMS | ||
| 245 | 1 | 0 | |a La celula vegetal / |c Willam A. Jensen |
| 260 | |a México : |b Herrero, |c 1966 | ||
| 300 | |a 140 p. | ||
| 505 | 0 | |a Introducci¢n.- Clasificar: una acci¢n para ordenar l¢gicamente.- De los criterios de clasificaci¢n taxon¢micos y fisiogn¢micos estructurales a la tipolog¡a corol¢gica.- La comparaci¢n de algunas tipolog¡as fitogeogr ficas y la posibilidad de tender a una normalizaci¢n de car cter eminentemente geogr fico.- Conclusi¢n: el orden clasificatorio como punto de partida para todo intento descriptivo | |
| 100 | 1 | |a Jensen, Willam A. | |
| 082 | 0 | 4 | |a 581.81 |
| 653 | |a Botanica | ||
| 653 | |a Celula vegetal | ||
| 859 | |a CEMS |b BIB. CEMS - Agricultura |h 581.81 |i J454a2 |p A11494.82 |t Ej.1 | ||
